| 000 | 01052cam a2200289 a 4500 | ||
|---|---|---|---|
| 001 | 3053180 | ||
| 003 | ARRUPE | ||
| 005 | 20160330112637.0 | ||
| 008 | 960723s1997 nyu b 000 0 eng | ||
| 010 | _a 96029367 | ||
| 020 | _a0809136961 (alk. paper) | ||
| 040 |
_aDLC _cDLC _dDLC |
||
| 050 | 0 | 0 |
_aBX2350.2 _b.R435 1997 |
| 082 | 0 | 0 |
_a248 _220 |
| 100 | 1 |
_aReiser, William E. _9725 |
|
| 245 | 1 | 0 |
_aTo hear God's word, listen to the world : _bthe liberation of spirituality / _cWilliam Reiser. |
| 260 |
_aNew York : _bPaulist Press, _cc1997. |
||
| 300 |
_aiii, 245 p. ; _c21 cm. |
||
| 504 | _aIncludes bibliographical references (p. 227-245). | ||
| 610 | 2 | 0 |
_aCatholic Church _xDoctrines. _923467 |
| 650 | 0 |
_aSpiritual life _xCatholic Church. _923468 |
|
| 650 | 0 |
_aLiberation theology. _923469 |
|
| 650 | 0 |
_aCatholic Church _xDoctrines _923467 |
|
| 906 |
_a7 _bcbc _corignew _d1 _eocip _f19 _gy-gencatlg |
||
| 942 |
_2lcc _cMONOGRAPH |
||
| 999 |
_c124506 _d124506 |
||